Größte Städte und Agglomerationen in Italien - Whammies - Statistiken

Allgemein
  • Dieses Quiz wurde 62 mal gespielt
  • Das Durchschnittsergebnis liegt bei 26 aus 40
Antwortstatistiken
# # # % Korrekt
Stadt 1.366.155 Mailand
100%
Agglomeration 5.040.400 Mailand
100%
Stadt 2.746.984 Rom
100%
Agglomeration 3.254.500 Rom
100%
Stadt 908.082 Neapel
98%
Agglomeration 3.778.700 Neapel
98%
Stadt 625.956 Palermo
98%
Agglomeration 859.500 Palermo
98%
Stadt 563.947 Genua
95%
Agglomeration 645.600 Genua
95%
Stadt 856.745 Turin
95%
Agglomeration 1.490.500 Turin
95%
Agglomeration 1.048.800 Venedig / Padua
93%
Stadt 249.466 Venedig
91%
Stadt 362.353 Florenz
89%
Agglomeration 933.400 Florenz
89%
Stadt 390.734 Bologna
85%
Agglomeration 553.400 Bologna
85%
Stadt 315.473 Bari
75%
Agglomeration 366.900 Bari
75%
Stadt 255.133 Verona
73%
Agglomeration 408.900 Verona
73%
Stadt 297.517 Catania
69%
Agglomeration 753.100 Catania
69%
Agglomeration 906.400 Bergamo
62%
Agglomeration 286.800 Cagliari
58%
Stadt 198.668 Triest
45%
Stadt 184.739 Modena
44%
Stadt 198.986 Parma
44%
Stadt 216.918 Messina
35%
Stadt 207.694 Padua
35%
Agglomeration 417.700 Rimini
35%
Stadt 199.949 Brescia
27%
Agglomeration 495.900 Brescia
27%
Stadt 185.909 Tarent
15%
Agglomeration 294.600 Pescara
9%
Agglomeration 434.500 La Spezia / Massa
7%
Stadt 198.326 Prato
5%
Agglomeration 270.100 Treviso
2%
Agglomeration 397.900 Vicenza
2%
Keine übereinstimmenden Quizze gefunden
Verteilung der Resultate
Anzahl Personen mit jedem Resultat
Perzentil nach korrekt beantworteten Fragen
Ihre Resultats-Entwicklung
Sie haben dieses Quiz noch nicht gespielt